名取市(宮城県)の駅 - Statistics

General Stats
  • This quiz has been taken 42 times
  • The average score is 4 of 5
Answer Stats
Answer % Correct
名取
100%
仙台空港
95%
杜せきのした
85%
美田園
83%
館腰
80%
No matching quizzes found
Score Distribution
Percent of People with Each Score
Percentile by Number Answered
Your Score History
You have not taken this quiz